[Event "PNWCC Online blitz JP 2nd"]
[Site "Chess.com INT"]
[Date "2020.03.21"]
[Round "3"]
[White "Foisor, Sabina Francesca"]
[Black "Tu, Robin"]
[Result "1-0"]
[WhiteElo "2228"]
[BlackElo "1618"]
[PlyCount "97"]
[EventDate "2020.03.21"]
[EventType "swiss (blitz)"]
[EventRounds "11"]
[EventCountry "USA"]
[SourceTitle "CBM 195 Extra"]
[Source "ChessBase"]
[SourceDate "2020.05.31"]
[SourceVersion "1"]
[SourceVersionDate "2020.05.31"]
[SourceQuality "1"]

1. d4 Nf6 2. c4 g6 3. Nf3 Bg7 4. g3 0-0 5. Bg2 d6 6. 0-0 Bg4 7. Nc3 Qd7 8. Re1 Na6 9. a3 c5 10. d5 Nc7 11. Qd3 a6 12. a4 Rab8 13. a5 e6 14. e4 exd5 15. cxd5 Rfe8 16. Nd2 Nh5 17. Nc4 Bxc3 18. bxc3 Nb5 19. Bg5 f6 20. Bh6 g5 21. f3 Bh3 22. Nb6 Qf7 23. Bxh3 Qg6 24. Be6+ Kh8 25. Bxg5 Qxg5 26. Kf2 Ng7 27. Bd7 Re7 28. h4 Qg6 29. g4 h5 30. Rg1 Rg8 31. gxh5 Qxh5 32. Rg4 f5 33. exf5 Nc7 34. Rag1 Nce8 35. Rg6 Qxh4+ 36. R6g3 Qh2+ 37. R1g2 Qh6 38. Rg6 Rf7 39. Qe3 Qxe3+ 40. Kxe3 Nf6 41. Rh2+ Ngh5 42. Rxf6 Rxf6 43. Rxh5+ Kg7 44. Kf4 Kf7 45. Be6+ Rxe6 46. dxe6+ Kf6 47. Rh6+ Ke7 48. Rh7+ Kf6 49. Rf7# 1-0

[Event "PNWCC Online blitz JP 2nd"]
[Site "Chess.com INT"]
[Date "2020.03.21"]
[Round "4"]
[White "Tu, Robin"]
[Black "Ke, Rianne"]
[Result "0-1"]
[WhiteElo "1618"]
[BlackElo "1683"]
[PlyCount "142"]
[EventDate "2020.03.21"]
[EventType "swiss (blitz)"]
[EventRounds "11"]
[EventCountry "USA"]
[SourceTitle "CBM 195 Extra"]
[Source "ChessBase"]
[SourceDate "2020.05.31"]
[SourceVersion "1"]
[SourceVersionDate "2020.05.31"]
[SourceQuality "1"]

1. e4 c5 2. Nc3 Nc6 3. f4 d6 4. Nf3 Nf6 5. Bc4 e6 6. d3 d5 7. exd5 exd5 8. Bb5 Bd7 9. 0-0 Be7 10. Bxc6 Bxc6 11. Ne5 Qd6 12. Qe2 0-0 13. Bd2 Rfe8 14. Rae1 d4 15. Nxc6 Qxc6 16. Ne4 Rad8 17. Qf3 Nxe4 18. Qxe4 Bf6 19. Qxc6 bxc6 20. Rxe8+ Rxe8 21. Re1 Rb8 22. b3 Kf8 23. Kf2 g6 24. Kf3 h5 25. h3 Kg7 26. g4 hxg4+ 27. hxg4 Kf8 28. g5 Bg7 29. Ba5 Rc8 30. b4 cxb4 31. Bxb4+ c5 32. Ba3 Kg8 33. Re7 a6 34. Ra7 Rc6 35. Ke4 Bf8 36. Kd5 Rd6+ 37. Ke5 Re6+ 38. Kd5 Rd6+ 39. Ke4 Re6+ 40. Kf3 Re3+ 41. Kg4 Re6 42. Ra8 Kg7 43. Rc8 Re2 44. Bxc5 Bxc5 45. Rxc5 Rg2+ 46. Kf3 Rg1 47. Ke4 Ra1 48. Ra5 Rc1 49. Rxa6 Rxc2 50. Kxd4 Kf8 51. Ra8+ Ke7 52. a4 Kd6 53. a5 Ra2 54. a6 Ke6 55. a7 Kf5 56. Ke3 Ra1 57. d4 Ra5 58. Kd3 Ra3+ 59. Kc4 Ra4+ 60. Kb5 Ra1 61. Rf8 Rxa7 62. Kc5 Kxf4 63. d5 Ke5 64. Kc6 Ra1 65. Re8+ Kf5 66. d6 Rc1+ 67. Kd7 Kxg5 68. Re7 f5 69. Ke6 f4 70. d7 Rd1 71. d8Q Rxd8 0-1